=LDR 00000nam 2200000 4500 =001 INLIS000000000032919 =005 20210113113649 =035 ##$$a 0010-061300000032919 =008 210113################g##########0#ind## =041 ##$$a Ind =082 ##$$a 332.042 =090 ##$$a 332.042, Jam k =100 ##$$a Jamli, Ahmad =245 1#$$a Keuangan internasional /$c Drs. Ahmad Jamli, MA. =260 ##$$a Yogyakarta :$b BPPE,$c 2001 =300 ##$$a xvi, 289 hlm : $b ilus. ; $c 23 x 19 cm. =650 #4$$a Keuangan =850 ##$$a NBPNMAT =020 ##$$a 979-503-288-7 =084 ##$$a 332.042 JAM k =990 ##$$a 169.982/Pb-2002 =990 ##$$a 169.981/Pb-2002